La unidad de la iglesia y el principio de las unidades homogéneas (Registro nro. 51400)
[ vista simple ]
| 000 -LÍDER | |
|---|---|
| Campo fijo de descripción fija | 01306aab a2200205 i 4500 |
| 001 - NÚMERO DE CONTROL | |
| Campo de control | 768714001 |
| 003 - IDENTIFICADOR DEL NÚMERO DE CONTROL | |
| Campo de control | CO-MdFUSB |
| 005 - FECHA Y HORA DE LA ULTIMA TRANSACCIÓN | |
| control field | 20240422101815.0 |
| 008 - ELEMENTOS DE LONGITUD FIJA -- INFORMACIÓN GENERAL | |
| Campo fijo de descripción fija -- Información general | 240416t1983 ag ||||| |||| 00| 0 spa d |
| 040 ## - FUENTE DE CATALOGACIÓN | |
| Idioma de catalogación | spa |
| Agencia que realiza la transcripción | CO-MdFUSB |
| 041 ## - CÓDIGO DE IDIOMA | |
| Código de idioma para texto/pista de sonido o título separado | spa |
| 100 1# - ASIENTO PRINCIPAL--NOMBRE PERSONAL | |
| Nombre personal | Padilla, C. René |
| Término relacionador | autor |
| 245 #3 - TÍTULO | |
| Título | La unidad de la iglesia y el principio de las unidades homogéneas |
| Mención de responsabilidad | / C. René Padilla |
| 300 ## - DESCRIPCIÓN FÍSICA | |
| Extensión | Volumen 2, número 3, (septiembre, 1983), páginas: 12 - 19 |
| Dimensiones | ; 27 cm |
| 520 ## - NOTA DE RESUMEN, ETC. | |
| Nota de sumario, etc. | La sección inicial de este artículo se centra en la visión del Nuevo Testamento sobre la unidad de los creyentes en Cristo Jesús. Otra parte de la discusión trata de la realización histórica, durante el período apostólico, del propósito compartido de Dios. Finalmente, en la última sección evaluamos el principio de entidades homogéneas de Donald McGavran, según el cual "las personas quieren convertirse en cristianos sin cruzar fronteras raciales, lingüísticas o de clase" a la luz de la enseñanza bíblica y su análisis. sobre el ejercicio apostólico. |
| 650 #0 - ASIENTO SECUNDARIO DE MATERIA - TERMINO TEMÁTICO | |
| Término temático o nombre geográfico como elemento de entrada | Iglesia y problemas sociales |
| 9 (RLIN) | 1177 |
| 650 #7 - ASIENTO SECUNDARIO DE MATERIA - TERMINO TEMÁTICO | |
| Término temático o nombre geográfico como elemento de entrada | Teología pastoral y unidad cristiana |
| 9 (RLIN) | 7183 |
| 773 0# - ASIENTO DE ITEM FUENTE | |
| Título | Iglesia y Misión |
| Biblionumber | 49402 |
| Itemnumber | 59626 |
| Parte(s) relacionada(s) / Volumen., número. (mes año), páginas | Volumen 2, número 3, (septiembre, 1983), páginas: 12 - 19 |
| Enumeración y primera página | página: 12 |
| 942 ## - TIPO DE MATERIAL (KOHA) | |
| Tipo de Item KOHA | Artículos de Revista |
| Expurgo - (Retirado) | Estado de Perdido | Estado de Dañado | No prestable | Colección | Ubicación habitual | Ubicación actual | Fecha de Adquisición | Signatura Topográfica | Tipo de Material |
|---|---|---|---|---|---|---|---|---|---|
| Colección de Hemeroteca | Biblioteca FUSBC | Biblioteca FUSBC | 26/01/2016 | Artículos de Revista |
